| 000 | 01802nam0a2200277 i 4500 | ||
|---|---|---|---|
| 001 | RU\NLR\BIBL_A\011333287 | ||
| 005 | 20240921221633.0 | ||
| 010 |
_a9785422108848 _9100 |
||
| 021 |
_aRU _b2017-4324 _9302 |
||
| 035 | _a(NLR Aleph) 011333287 | ||
| 090 |
_a11146825 _c11146825 |
||
| 100 | _a20170221d2016 k y0rusy50 ca | ||
| 101 | 0 | _arus | |
| 102 | _aRU | ||
| 105 | _aa j 000yy | ||
| 200 | 1 |
_aНекоторые вопросы гражданского права _eучебное пособие для студентов всех форм обучения, обучающихся по направлению "Государственное и муниципальное управление" _fЯ.Ф. Хабирова _gМинистерство образования и науки Российской Федерации, Федеральное государственное бюджетное образовательное учреждение высшего образования "Уфимский государственный авиационный технический университет" |
|
| 210 |
_aУфа _cФГБОУ ВО "Уфимский государственный авиационный технический университет" _d2016 |
||
| 215 |
_a122 с. _cил. _d21 |
||
| 320 | _aБиблиогр.: с. 122 (8 назв.) и в подстроч. примеч. | ||
| 606 | 1 |
_aГражданское право _jУчебные издания для высших учебных заведений _yРоссийская Федерация _92073647 _3RU\NLR\AUTH\661248570 |
|
| 686 | 1 | _aХ623я73 | |
| 700 | 1 |
_aХабирова _bЯ. Ф. _gЯна Флюровна |
|
| 942 | _cBOOK | ||
| 980 | _aNBR | ||